| 000 | 00356nam a2200133Ia 4500 | ||
|---|---|---|---|
| 005 | 20251222144750.0 | ||
| 008 | 251222s9999||||xx |||||||||||||| ||spa|| | ||
| 020 | _a978-603-4038-14-1 | ||
| 082 | _a344.01/R75 | ||
| 100 | _aRodríguez García, Fernando | ||
| 245 | 0 | _aPago de Tributos y Contribuciones Laborales | |
| 264 | _bGaceta Jurídica | ||
| 942 | _cLIB | ||
| 999 |
_c19309 _d19309 |
||